Who killed Sankara?. (Record no. 6867)

MARC details
000 -LEADER
fixed length control field 02179nam a22005057a 4500
001 - CONTROL NUMBER
control field on1348519134
003 - CONTROL NUMBER IDENTIFIER
control field OCoLC
005 - DATE AND TIME OF LATEST TRANSACTION
control field 20230223170452.0
006 - FIXED-LENGTH DATA ELEMENTS--ADDITIONAL MATERIAL CHARACTERISTICS--GENERAL INFORMATION
fixed length control field m o d
007 - PHYSICAL DESCRIPTION FIXED FIELD--GENERAL INFORMATION
fixed length control field cr bn||||||abp
007 - PHYSICAL DESCRIPTION FIXED FIELD--GENERAL INFORMATION
fixed length control field cr bn||||||ada
008 - FIXED-LENGTH DATA ELEMENTS--GENERAL INFORMATION
fixed length control field 221021s1988 xx ab o 000 0deng d
040 ## - CATALOGING SOURCE
Original cataloging agency OCLCE
Language of cataloging eng
Description conventions pn
Transcribing agency OCLCE
020 ## - INTERNATIONAL STANDARD BOOK NUMBER
Cancelled/invalid ISBN 9964903545
020 ## - INTERNATIONAL STANDARD BOOK NUMBER
Cancelled/invalid ISBN 9789964903541
035 ## - SYSTEM CONTROL NUMBER
System control number (OCoLC)1348519134
042 ## - AUTHENTICATION CODE
Authentication code dlr
043 ## - GEOGRAPHIC AREA CODE
Geographic area code f-uv---
050 #4 - LIBRARY OF CONGRESS CALL NUMBER
Classification number DT555.83.S26
Item number C82 1988g
082 04 - DEWEY DECIMAL CLASSIFICATION NUMBER
Classification number 966.2505 CUDJ
049 ## - LOCAL HOLDINGS (OCLC)
Holding library TZAA
100 1# - MAIN ENTRY--PERSONAL NAME
Personal name Cudjoe, Alfred.
245 10 - TITLE STATEMENT
Title Who killed Sankara?.
260 ## - PUBLICATION, DISTRIBUTION, ETC. (IMPRINT)
Place of publication, distribution, etc [Place of publication not identified] :
Name of publisher, distributor, etc [publisher not identified],
Date of publication, distribution, etc �1988
Place of manufacture ([Place of publication not identified] :
Manufacturer Compuprint Services)
300 ## - PHYSICAL DESCRIPTION
Extent 1 online resource (viii, 114 pages) :
Other physical details illustrations, map
336 ## -
-- text
-- txt
-- rdacontent
337 ## -
-- computer
-- c
-- rdamedia
338 ## -
-- online resource
-- cr
-- rdacarrier
500 ## - GENERAL NOTE
General note "By Alfred Cudjoe"--Cover.
506 ## - RESTRICTIONS ON ACCESS NOTE
Materials specified Use copy
Standardized terminology for access restriction Restrictions unspecified
Source of term star
Institution to which field applies MiAaHDL
533 ## - REPRODUCTION NOTE
Type of reproduction Electronic reproduction.
Place of reproduction [Place of publication not identified]:
Agency responsible for reproduction HathiTrust Digital Library.
Date of reproduction 2022.
-- MiAaHDL
538 ## - SYSTEM DETAILS NOTE
System details note Master and use copy. Digital master created according to Benchmark for Faithful Digital Reproductions of Monographs and Serials, Version 1. Digital Library Federation, December 2002.
Uniform Resource Identifier <a href="http://purl.oclc.org/DLF/benchrepro0212">http://purl.oclc.org/DLF/benchrepro0212</a>
-- MiAaHDL
583 1# - ACTION NOTE
Action digitized
Time/date of action 2022.
Jurisdiction HathiTrust Digital Library
Status committed to preserve
Source of term pda
Institution to which field applies MiAaHDL
588 0# -
-- Print version record
600 10 - SUBJECT ADDED ENTRY--PERSONAL NAME
Personal name Sankara, Thomas
General subdivision Assassination.
651 #0 - SUBJECT ADDED ENTRY--GEOGRAPHIC NAME
Geographic name Burkina Faso
General subdivision Politics and government.
651 #6 - SUBJECT ADDED ENTRY--GEOGRAPHIC NAME
Geographic name Burkina Faso
General subdivision Politique et gouvernement.
-- (CaQQLa)201-0254435
600 17 - SUBJECT ADDED ENTRY--PERSONAL NAME
Personal name Sankara, Thomas.
Source of heading or term fast
-- (OCoLC)fst00182957
650 #7 - SUBJECT ADDED ENTRY--TOPICAL TERM
Topical term or geographic name as entry element Assassination.
Source of heading or term fast
-- (OCoLC)fst00818962
9 (RLIN) 17607
650 #7 - SUBJECT ADDED ENTRY--TOPICAL TERM
Topical term or geographic name as entry element Politics and government
Source of heading or term fast
-- (OCoLC)fst01919741
651 #7 - SUBJECT ADDED ENTRY--GEOGRAPHIC NAME
Geographic name Burkina Faso.
Source of heading or term fast
-- (OCoLC)fst01229910
9 (RLIN) 11408
776 1# - ADDITIONAL PHYSICAL FORM ENTRY
Qualifying information Original
Record control number (OCoLC)507319195
856 40 - ELECTRONIC LOCATION AND ACCESS
Materials specified HathiTrust Digital Library
Uniform Resource Identifier <a href="http://catalog.hathitrust.org/api/volumes/oclc/507319195.html">http://catalog.hathitrust.org/api/volumes/oclc/507319195.html</a>
994 ## -
-- C0
-- TZACH

No items available.

African Court on Human and Peoples' Rights | For Inquiries Contact » +255 272 510 510